000 00651nam a2200229Ia 4500
003 OSt
005 20220927110422.0
006 a|||||r|||| 00| 0
007 ta
008 220926b |||||||| |||| 00| 0 eng d
024 _a130187
037 _cReports
040 _aRTL
_cRTL
_beng
041 _2eng
_aeng
082 _aT4.2612.N17t
110 _aCalcutta University (Commission) (1917-19)
_9378202
245 0 _aReport Chapter 33
_bUniversity of Dacca
650 _aUniversity Education
700 _aCalcutta University (Commission) (1917-19)
_9378203
942 _hT4.2612.N17t
_cCC
999 _c696671
_d696671